| 000 | 00583nam a22001817a 4500 | ||
|---|---|---|---|
| 003 | CEME | ||
| 005 | 20210628203242.0 | ||
| 008 | 210203b xxu||||| |||| 00| 0 eng d | ||
| 020 | _a9780750687614 | ||
| 040 | _c. | ||
| 082 | _a658.4063 JES | ||
| 100 |
_aJeston, John , Nelis, Johan _964291 |
||
| 245 | _aManagement by process , a roadmap to sustainable business process management | ||
| 260 |
_aHUNGARY _bELSEVIER _c2008 |
||
| 300 | _aXII, 302P | ||
| 650 |
_aSUSTAINABLE BUSINESS PROCESS MANAGEMENT, BUSINESS PROCESS MANAGEMENT , MANAGEMENT BY PROCESS _964292 |
||
| 942 |
_cBK _2ddc |
||
| 999 |
_c572833 _d572833 |
||